|
|
|
|
| LEADER |
00000cam a22000002cc4500 |
| 001 |
1126570672 |
| 003 |
DE-627 |
| 005 |
20251224222716.0 |
| 007 |
tu |
| 008 |
970114s1981 xx ||||| 00| ||ger c |
| 020 |
|
|
|a 3878382294
|9 3-87838-229-4
|
| 035 |
|
|
|a (DE-627)1126570672
|
| 035 |
|
|
|a (DE-576)056570678
|
| 035 |
|
|
|a (DE-599)BSZ056570678
|
| 035 |
|
|
|a (OCoLC)11818798
|
| 040 |
|
|
|a DE-627
|b ger
|c DE-627
|e rakwb
|
| 041 |
|
|
|a ger
|
| 082 |
0 |
|
|a 299.935
|
| 100 |
1 |
|
|0 (DE-588)118660357
|0 (DE-627)079444938
|0 (DE-576)160335337
|4 aut
|a Bock, Emil
|d 1895-1959
|
| 109 |
|
|
|a Bock, Emil 1895-1959
|a Bok, Emil 1895-1959
|
| 191 |
|
|
|a 1
|
| 245 |
1 |
0 |
|a Beiträge zur Geistesgeschichte der Menschheit
|n 6
|p Die drei Jahre
|c Emil Bock
|
| 250 |
|
|
|a 7. Aufl.
|
| 264 |
|
1 |
|a Stuttgart
|b Urachhaus
|c 1981
|
| 300 |
|
|
|a 461 S.
|
| 336 |
|
|
|a Text
|b txt
|2 rdacontent
|
| 337 |
|
|
|a ohne Hilfsmittel zu benutzen
|b n
|2 rdamedia
|
| 338 |
|
|
|a Band
|b nc
|2 rdacarrier
|
| 583 |
1 |
|
|a Archivierung prüfen
|c 20210904
|f DE-640
|z 2
|2 pdager
|
| 583 |
1 |
|
|a Archivierung/Langzeitarchivierung gewährleistet
|f PEBW
|h DE-24
|x XA-DE-BW
|2 pdager
|5 DE-Lg1
|
| 601 |
|
|
|a Beitrag
|
| 601 |
|
|
|a Geistesgeschichte
|
| 601 |
|
|
|a Menschheit
|
| 773 |
1 |
8 |
|a Beiträge zur Geistesgeschichte der Menschheit
|w (DE-627)1089142811
|w (DE-576)019142811
|g 6
|q 6,7
|7 nnam
|
| 935 |
|
|
|a mteo
|
| 951 |
|
|
|a MV
|
| ELC |
|
|
|b 1
|
| ORI |
|
|
|a SA-MARC-ixtheo_oa001.raw
|
| REL |
|
|
|a 1
|
| SUB |
|
|
|a REL
|